[Event "Tarragona-chB"]
[Site "Tarragona"]
[Date "2017.10.08"]
[Round "1"]
[White "Ribes Cabrera, Daniel"]
[Black "Andreu Farres, Pau"]
[Result "1-0"]
[WhiteElo "1652"]
[BlackElo "1374"]
[PlyCount "49"]
[EventDate "2017.10.08"]
[EventType "swiss"]
[EventRounds "9"]
[EventCountry "ESP"]
[SourceTitle "CBM 181 Extra"]
[Source "ChessBase"]
[SourceDate "2017.12.12"]
[SourceVersion "1"]
[SourceVersionDate "2017.12.12"]
[SourceQuality "1"]

1. e4 e5 2. Nc3 Nf6 3. f4 Nc6 4. Nf3 d5 5. Bb5 Bd7 6. d3 Qe7 7. 0-0 g6 8. f5 Bg7 9. Bg5 Qf8 10. Bxf6 Bxf6 11. Nxd5 Bd8 12. f6 a6 13. Ba4 Qh6 14. d4 Qh5 15. Qd2 h6 16. c3 g5 17. Bxc6 Bxc6 18. dxe5 Bxd5 19. Qxd5 0-0 20. Qxb7 Bxf6 21. exf6 Qg6 22. Qxc7 Qxf6 23. Nd4 Qg6 24. Nf5 Rac8 25. Ne7+ 1-0

[Event "Tarragona Province-chB"]
[Site "L'Hospitalet Infant"]
[Date "2016.11.20"]
[Round "8"]
[White "Ribes Cabrera, Daniel"]
[Black "Sendra Mazuela, Oscar"]
[Result "1/2-1/2"]
[WhiteElo "1689"]
[BlackElo "1606"]
[PlyCount "51"]
[EventDate "2016.10.02"]
[EventType "swiss"]
[EventRounds "9"]
[EventCountry "ESP"]
[SourceTitle "EXT 2018"]
[Source "ChessBase"]
[SourceDate "2017.10.13"]
[SourceVersion "1"]
[SourceVersionDate "2017.10.13"]
[SourceQuality "1"]

1. e4 e6 2. d4 d5 3. e5 c5 4. c3 Nc6 5. Nf3 Qb6 6. Na3 Nge7 7. Nc2 Ng6 8. Be2 cxd4 9. cxd4 Bb4+ 10. Nxb4 Qxb4+ 11. Qd2 Qb6 12. 0-0 0-0 13. b3 Bd7 14. Ba3 Rfc8 15. Rfc1 Qa5 16. Qxa5 Nxa5 17. g3 a6 18. Bc5 b5 19. Rc2 Nb7 20. Rac1 Rc6 21. b4 Rac8 22. Bd1 Nxc5 23. Rxc5 Ne7 24. Rxc6 Rxc6 25. Rxc6 Nxc6 26. a3 1/2-1/2

[Event "Tarragona Province-ch B"]
[Site "Tarragona"]
[Date "2015.10.04"]
[Round "2.4"]
[White "Ribes Cabrera, Daniel"]
[Black "Carabano Crivelle, Joan Ramon"]
[Result "1-0"]
[WhiteElo "1803"]
[BlackElo "1920"]
[PlyCount "115"]
[EventDate "2015.09.27"]
[EventType "swiss"]
[EventRounds "9"]
[EventCountry "ESP"]
[SourceTitle "EXT 2024"]
[Source "ChessBase"]
[SourceDate "2023.10.10"]
[SourceVersion "1"]
[SourceVersionDate "2023.10.10"]
[SourceQuality "1"]

1. d4 Nf6 2. c4 e6 3. Nc3 Bb4 4. Bg5 d5 5. Qa4+ Nc6 6. a3 Bxc3+ 7. bxc3 0-0 8. Nf3 Bd7 9. cxd5 exd5 10. Qb3 Na5 11. Qb4 b6 12. Ne5 Nc6 13. Qb3 Na5 14. Qa2 Be6 15. e3 h6 16. Bh4 g5 17. Bg3 Ne4 18. Qc2 Bf5 19. Bd3 f6 20. Nf3 Qd7 21. Nd2 Nxg3 22. hxg3 Bxd3 23. Qxd3 Kg7 24. Rh3 c5 25. Ke2 c4 26. Qc2 Rae8 27. Rah1 Rh8 28. Nf1 Nb7 29. Nh2 Nd6 30. f3 f5 31. f4 g4 32. Rh5 Ne4 33. Nf1 Qe6 34. Kd1 Kg6 35. Qb2 Qc6 36. Kc1 Rb8 37. R5h4 a5 38. Qc2 b5 39. Nd2 Nxg3 40. Rxg4+ Kf6 41. Rxg3 b4 42. axb4 axb4 43. Nf3 b3 44. Qb1 Qa4 45. Nh4 Qa3+ 46. Qb2 Ra8 47. Rgh3 Rh7 48. Nf3 Qa1+ 49. Qxa1 Rxa1+ 50. Kb2 Ra2+ 51. Kb1 Rxg2 52. Rxh6+ Rxh6 53. Rxh6+ Rg6 54. Rh8 Rg3 55. Ne5 Rxe3 56. Rf8+ Ke6 57. Re8+ Kf6 58. Nd7+ 1-0